Регионална библиотека "Любен Каравелов" - Русе

Сочинения (Запис номер 359166)

MARC детайли
000 -Лидер
Контролно поле с фиксирана дължина 01183ncm a2200325 a 4500
003 - Код на организацията, давaща контролен номер
Контролно поле BLK
005 - Дата и час на последна редакция
Контролно поле 20240820110357.0
008 - Елементи от данни с фиксирана дължина
fixed length control field 200331b bu ||||| |||| 00| 0 bu d
040 ## - Източник на каталожния запис
Идентификатор на билиотеката - собственик на записа BLK
041 ## - Код за език
Код за езика на текст/звукозапис или на отделно заглавие Руски
Код за езика КДБФ Руски
080 ## - УДК
Текстов определител УДК Музика за клавишни инструменти
УДК код - определител по УДК 786
УДК - код + определител 786
100 1# - Редна дума - Автор
Автор Стравински, Игор Федорович
Авторска отговорност първи автор
R(LIN) 126370
139 ## - Редно поле
Редна дума Шимановский, Кароль
245 ## - Сведения за заглавието
Заглавие Сочинения
Подзаглавни данни В 3 т. : для фортепиано
Редно поле (дума) Кароль Шимановский; состав. и ред. А. Балтина, К. Сорокина
Том Т. 1
257 ## - Страна на издаване
Страна на създаване/издаване Русия
260 ## - Област на издателските данни
9 (RLIN) 209430
Място на издаване, разпространение и проч. Москва
Име на издателя, разпространителя и проч. Музика
Година на издаване 1971
300 ## - Физическа характеристика
Страници 167 с.
Размери/Мащаб 29 см
380 ## - Жанр
Жанр Изкуство
653 #0 - Ключова дума – ненормативна
9 (RLIN) 402793
Ключова дума фортепиано
700 ## - Други автори (авторска отговорност)
Лично име Балтина, А.
Автороска отговорност (Описва отношението между автора и произведението) състав. и ред.
9 (RLIN) 409059
700 ## - Други автори (авторска отговорност)
Лично име Сорокина, К.
Автороска отговорност (Описва отношението между автора и произведението) състав. и ред.
9 (RLIN) 409060
852 ## - Местоположение
Форматна сигнатура Цб М ІІ 5975
Фондова буква Хранилище
999 ## - СИСТЕМНИ КОНТРОЛНИ НОМЕРА
Koha biblionumber 359166
Koha biblioitemnumber 359166
942 ## - АРТИКУЛИ
Вид на библиотечния материал Нотни издания
Скрит в OPAC Не
Периодичен библиозапис Да
944 ## - СЪЗДАВАНЕ И РЕДАКЦИЯ на ЗАПИСА
Дата на регистрацията/редакция 2020-05-02
Служител, извършил регистрацията/редакцията 30560
Статус, дата на статуса Геновева Генчева
999 ## - СИСТЕМНИ КОНТРОЛНИ НОМЕРА
Koha biblioitemnumber 359165
999 ## - СИСТЕМНИ КОНТРОЛНИ НОМЕРА
Koha biblioitemnumber 357014
999 ## - СИСТЕМНИ КОНТРОЛНИ НОМЕРА
Koha biblioitemnumber 357014
999 ## - СИСТЕМНИ КОНТРОЛНИ НОМЕРА
Koha biblioitemnumber 357014
999 ## - СИСТЕМНИ КОНТРОЛНИ НОМЕРА
Koha biblioitemnumber 350242
Наличности
Код за отписване Код за изгубен артикул Източник на класификационната схема Код за повреда Коз за рестрикции Код за отдаване Артикулен № Име на библиотеката - собственик Име на библиотеката, в която се намира в момента Статус (Текущо местоположение) Дата на вписване в системата Местоположение - отдел Цена в лева Инвентарен номер Систематично азбучна сигнатура Баркод Цена в евро Служебен тип на артикула
  Не е изгубен Universal Decimal Classification Не е повреден само за читалня ползва се в читалня 766447 Регионална библиотека "Любен Каравелов" Русе Регионална библиотека "Любен Каравелов" Русе Хранилище 2020-05-03 Хранилище 2.10 102578 Цб М ІІ 5975 120000102578 1.07 Нотни издания
Vip Innovations Ltd, Rousse, Bulgaria 2025